[Event "POLFINAL MISTRZOSTW POLSKI JUNIOROW 2018 - D13"]
[Site "Szczyrk"]
[Date "1899-12-30"]
[Round "6.2"]
[White "Czerwinska, Oliwia"]
[Black "Lajdamik, Anna"]
[Result "0-1"]
[WhiteTitle "I"]
[BlackTitle "II"]
[WhiteElo "1300"]
[BlackElo "1227"]

1. e4 c6 2. d4 d5 3. Nd2 dxe4 4. Nxe4 Nf6 5. Nxf6+ gxf6 6. Ne2 e5 7. Be3 Be6 8.
dxe5 Qa5+ 9. Bd2 Qb6 10. Bc3 Bc5 11. Bd4 fxe5 12. Bxc5 Qxc5 13. c3 Nd7 14. Ng3
Nf6 15. Qc2 O-O-O 16. Bd3 Kb8 17. Ne4 Nxe4 18. Bxe4 h5 19. b3 h4 20. Bd3 Rhg8
21. Rg1 e4 22. Bxe4 Rge8 23. Rd1 Bd5 24. Kf1 Rxe4 25. Qxe4 Bxe4 26. Rxd8+ Kc7
27. Rd2 Qxc3 28. Ke2 Qe5 29. f3 Bf5+ 30. Kf1 Qe3 31. Rd1 Bd3+ 32. Rxd3 Qxd3+ 33.
Kf2 Qd2+ 34. Kf1 Qxa2 35. g3 Qxb3 36. gxh4 Qxf3+ 37. Ke1 Qe4+ 38. Kf1 Qxh4 39.
Rg2 a5 40. Rf2 Qxf2+ 41. Kxf2 a4 42. h4 a3 43. Kg3 a2 44. Kg4 a1=Q 45. Kg5 b5
46. h5 b4 47. Kh6 b3 48. Kh7 b2 49. h6 Qg1 50. Kh8 b1=R 51. h7 Rb8# 0-1

[Event "POLFINAL MISTRZOSTW POLSKI JUNIOROW 2018 - D13"]
[Site "Szczyrk"]
[Date "1899-12-30"]
[Round "6.4"]
[White "Kot, Marta"]
[Black "Golinska, Patrycja"]
[Result "1/2-1/2"]
[WhiteTitle "II"]
[BlackTitle "I"]
[WhiteElo "1230"]
[BlackElo "1140"]

1. e4 e5 2. Nf3 Nc6 3. Bc4 Nf6 4. d3 h6 5. c3 d6 6. Bb3 Be7 7. O-O Bg4 8. h3 Bh5
9. Be3 O-O 10. Nbd2 Re8 11. Re1 Qd7 12. Nf1 d5 13. exd5 Nxd5 14. Ng3 Bg6 15. Nh2
Nf6 16. d4 exd4 17. Bxd4 Nxd4 18. Qxd4 Qxd4 19. cxd4 Bd6 20. Ne2 Ne4 21. Nf3 Bh5
22. g4 Bg6 23. Rac1 Re7 24. Nc3 Rae8 25. Kg2 Nxc3 26. Rxe7 Rxe7 27. Rxc3 Re2 28.
Ne5 Bxe5 29. dxe5 c6 30. Re3 Rxe3 31. fxe3 Kf8 32. Kf3 Ke7 33. Kf4 Bd3 34. a3
g5+ 35. Kf3 b5 36. Kg3 f5 37. Ba2 a5 38. b4 axb4 39. axb4 fxg4 40. Kxg4 Bc4 41.
Bb1 1/2-1/2

[Event "POLFINAL MISTRZOSTW POLSKI JUNIOROW 2018 - D13"]
[Site "Szczyrk"]
[Date "1899-12-30"]
[Round "6.5"]
[White "Zalega, Joanna"]
[Black "Niemier, Martyna"]
[Result "1-0"]
[WhiteTitle "II"]
[BlackTitle "II"]
[WhiteElo "1129"]
[BlackElo "1231"]

1. d4 d5 2. c4 e6 3. Nc3 Nf6 4. cxd5 exd5 5. Nf3 Be7 6. Bg5 Nbd7 7. e3 O-O 8. Qc2
c6 9. Bd3 Re8 10. O-O Ne4 11. Bf4 Ndf6 12. Nd2 Nxc3 13. Qxc3 h6 14. h3 Qb6 15.
Rac1 Ne4 16. Nxe4 dxe4 17. Bxe4 Bb4 18. Qc2 c5 19. a3 Ba5 20. dxc5 Qe6 21. Bf3
Qf6 22. b4 Bf5 23. Qc3 Bd8 24. Bxb7 Qxc3 25. Rxc3 Bf6 26. Bxa8 Bxc3 27. e4 Rxa8
28. exf5 Bb2 29. Bc1 Be5 30. Rd1 a5 31. b5 Rc8 32. c6 Rb8 33. a4 g5 34. fxg6 fxg6
35. Rd5 Re8 36. Bxh6 Bc7 37. g3 Bb6 38. Kg2 Kh7 39. Bf4 Re2 40. Rd2 Re4 41. Rd7+
Kg8 42. c7 Re8 43. Rd8 Rxd8 44. cxd8=Q+ Bxd8 45. Kf3 Kf7 46. Ke4 Ke6 47. Kd4 Bb6+
48. Kc4 Bxf2 49. g4 Bb6 50. h4 Ba7 51. Bd2 Bb6 52. h5 gxh5 53. gxh5 Kf5 54. Kd5
Kf6 55. Kc6 Bd4 56. b6 Be5 57. Kd7 Bg3 58. b7 Bb8 59. Kc8 Bh2 60. b8=Q Bxb8 61.
Kxb8 Kf7 62. Bxa5 Kg7 63. Bd2 Kf8 64. a5 Ke8 65. a6 Kd7 66. a7 Kd8 67. a8=Q Kd7
68. Qa6 Ke8 69. Qd6 Kf7 70. Qe5 Kg8 71. Qe7 1-0

[Event "POLFINAL MISTRZOSTW POLSKI JUNIOROW 2018 - D13"]
[Site "Szczyrk"]
[Date "1899-12-30"]
[Round "6.6"]
[White "Bienek, Magdalena"]
[Black "Pietrzak, Emilia"]
[Result "1-0"]
[WhiteTitle "II"]
[BlackTitle "II+"]
[WhiteElo "1126"]
[BlackElo "1189"]

1. e4 c5 2. Nf3 e6 3. d4 cxd4 4. Nxd4 Nf6 5. Nc3 Nc6 6. Nxc6 bxc6 7. e5 Nd5 8.
Ne4 Qc7 9. Nd6+ Bxd6 10. exd6 Qxd6 11. Be2 Qc7 12. c4 Nf6 13. Bg5 Qe5 14. f4 Qxb2
15. O-O Ne4 16. Rb1 Qxa2 17. Ra1 Qb2 18. Bd3 Qb6+ 19. Kh1 Nf2+ 20. Rxf2 Qxf2 21.
Qg4 Qe3 22. Bh4 Qd4 23. Re1 Rb8 24. Qg5 Qf6 25. Qg3 Qc3 26. f5 Rb7 27. Qd6 Qb4
28. Qd4 Qb2 29. Qd6 Qb4 30. Qd4 d5 31. Qxg7 Qf8 32. Qe5 a5 33. cxd5 cxd5 34. Qxd5
f6 35. Qc6+ Kf7 36. fxe6+ Kg7 37. Rf1 Rg8 38. Bxf6+ Kh6 39. Qc1+ 1-0

[Event "POLFINAL MISTRZOSTW POLSKI JUNIOROW 2018 - D13"]
[Site "Szczyrk"]
[Date "1899-12-30"]
[Round "6.7"]
[White "Reszka, Zofia"]
[Black "Baran, Dagmara"]
[Result "0-1"]
[WhiteTitle "I"]
[BlackTitle "I"]
[WhiteElo "1256"]
[BlackElo "1220"]

1. e4 e6 2. d4 d5 3. Nd2 Nf6 4. e5 Nfd7 5. Bd3 c5 6. c3 Nc6 7. Ne2 Qb6 8. Nf3 cxd4
9. cxd4 f6 10. exf6 Nxf6 11. a3 a5 12. O-O Bd6 13. Qc2 O-O 14. Re1 Bd7 15. Bg5
Rac8 16. Qb1 h6 17. Bxf6 Rxf6 18. b3 Be8 19. Qb2 Bh5 20. Nc1 Bxf3 21. gxf3 Nxd4
22. Be2 Nc2 23. Nd3 Nxe1 24. Rxe1 Rg6+ 25. Kh1 e5 26. Bd1 Re8 27. Nf4 Rg5 28.
Nxd5 Qc5 29. Nf4 Qxa3 30. Qxa3 Bxa3 31. Nd3 Rd8 32. Bc2 Rc8 33. Re2 Rc6 34. h3
Bd6 35. Nb2 b5 36. Nd1 Bb4 37. Ne3 Rc3 38. Bd1 Rc1 39. Kh2 Bc5 40. Bc2 Bxe3 41.
fxe3 Rgg1 42. Bd3 Rh1+ 43. Kg3 a4 44. Bxb5 axb3 45. Bd7 Rc2 46. Be6+ Kf8 47. Rg2
Rxg2+ 48. Kxg2 Rb1 49. Bxb3 Rxb3 50. e4 Kf7 51. Kg3 Kf6 52. Kg4 Kg6 53. Kg3 h5
54. Kh4 Kh6 55. Kg3 g5 56. Kg2 g4 0-1

[Event "POLFINAL MISTRZOSTW POLSKI JUNIOROW 2018 - D13"]
[Site "Szczyrk"]
[Date "1899-12-30"]
[Round "6.8"]
[White "Trybus, Dominika"]
[Black "Tim, Anna"]
[Result "1/2-1/2"]
[WhiteTitle "II"]
[BlackTitle "I"]
[WhiteElo "1118"]
[BlackElo "1188"]

1. e4 e6 2. d4 d5 3. Nc3 dxe4 4. Nxe4 Bd7 5. Nf3 Bc6 6. Bd3 Nd7 7. O-O Ngf6 8.
Nxf6+ Nxf6 9. c3 Be7 10. Bf4 Bxf3 11. Qxf3 c6 12. Rfe1 O-O 13. Qh3 Re8 14. Re3
Qd5 15. Re5 Qd6 16. Rae1 Bf8 17. Bg5 Be7 18. Bf4 Bf8 19. Bg5 Be7 20. Bf4 Bf8 21.
Bg5 Be7 22. Bf4 Bf8 23. Bg5 Be7 1/2-1/2

[Event "POLFINAL MISTRZOSTW POLSKI JUNIOROW 2018 - D13"]
[Site "Szczyrk"]
[Date "1899-12-30"]
[Round "6.10"]
[White "Szczykutowicz, Hanna"]
[Black "Sidlo, Malgorzata"]
[Result "1/2-1/2"]
[WhiteTitle "II"]
[BlackTitle "II"]
[WhiteElo "1133"]
[BlackElo "1108"]

1. e4 e5 2. Nf3 Nc6 3. Bc4 Bc5 4. O-O Nf6 5. d4 exd4 6. e5 Ng4 7. Bxf7+ Kxf7 8.
Ng5+ Kg8 9. Qxg4 h6 10. Ne4 Be7 11. Qh5 Qf8 12. f4 Qf7 13. Qe2 Kh7 14. c3 Re8
15. cxd4 Nxd4 16. Qd3 Nf5 17. Rf3 Kh8 18. Rh3 d5 19. Ng3 Nh4 20. f5 Nxf5 21. Nxf5
Bxf5 22. Rf3 Bxd3 23. Rxf7 Bc5+ 24. Kh1 Rxe5 25. Bd2 Rae8 26. Nc3 Be3 27. Be1
d4 28. Bg3 Rf5 29. Rxf5 Bxf5 30. Nd5 c6 31. Nxe3 dxe3 32. Re1 e2 33. Kg1 Bd3 34.
Kf2 Ba6 35. Kf3 Kh7 36. Bf2 b6 37. Kg3 Kg6 38. Rc1 e1=Q 39. Bxe1 c5 40. Bc3 Rf8
41. Re1 Rf7 42. h3 Bb7 43. Re2 Bd5 44. a3 a5 45. Rd2 Rf5 46. a4 Kh7 47. Kh4 Rf4+
48. g4 g5+ 49. Kg3 Rf3+ 50. Kh2 Bc6 51. Rd6 Bxa4 52. Rxb6 Rf7 53. Bxa5 Ra7 54.
Bc3 1/2-1/2

[Event "POLFINAL MISTRZOSTW POLSKI JUNIOROW 2018 - D13"]
[Site "Szczyrk"]
[Date "1899-12-30"]
[Round "6.11"]
[White "Szymura, Oliwia"]
[Black "Bialek, Alicja"]
[Result "0-1"]
[WhiteTitle "II"]
[BlackTitle "I"]
[WhiteElo "1174"]
[BlackElo "1331"]

1. e4 c5 2. Nc3 e6 3. g3 d5 4. exd5 exd5 5. Bg2 Nf6 6. Nf3 d4 7. Ne2 Be7 8. O-O
O-O 9. d3 Nc6 10. Bf4 Be6 11. Qd2 Rc8 12. h3 b6 13. g4 Re8 14. Ng3 Nd5 15. Rfe1
Nxf4 16. Qxf4 Bd6 17. Qd2 Qc7 18. Ne4 Bf4 19. Qd1 Bd5 20. Nfd2 Be6 21. Qf3 Bh2+
22. Kh1 Ne5 23. Qe2 Ng6 24. Nf3 Nf4 25. Qf1 Nxg2 26. Qxg2 Bf4 27. Rg1 Bd5 28.
Rae1 Qb7 29. c4 Bxe4 30. dxe4 d3 31. Nh4 Rcd8 32. f3 Qa6 33. b3 d2 34. Ra1 Qa3
35. g5 Be5 36. Rad1 Qxa2 37. Qg4 Qxb3 38. f4 Bd4 39. Rgf1 Qxc4 40. f5 Be3 41.
g6 Qxe4+ 42. Qxe4 Rxe4 43. f6 Rxh4 44. gxf7+ Kxf7 45. fxg7+ Kxg7 0-1

[Event "POLFINAL MISTRZOSTW POLSKI JUNIOROW 2018 - D13"]
[Site "Szczyrk"]
[Date "1899-12-30"]
[Round "7.1"]
[White "Krzyzosiak, Anna"]
[Black "Matusik, Zuzanna"]
[Result "1/2-1/2"]
[WhiteTitle "I++"]
[BlackTitle "I"]
[WhiteElo "1515"]
[BlackElo "1074"]

1. e4 e5 2. Nf3 Nc6 3. Bc4 Bc5 4. c3 Nf6 5. b4 Bb6 6. d3 a6 7. a4 h6 8. a5 Ba7
9. O-O O-O 10. Be3 d6 11. Nbd2 Nh5 12. Nxe5 Nxe5 13. Bb3 Nf6 14. d4 Ng6 15. f4
Ng4 16. Qf3 Nh4 17. Qg3 Nxe3 18. Qxe3 Re8 19. g3 Ng6 20. f5 Nf8 21. f6 Be6 22.
Bc2 Nh7 23. fxg7 Kxg7 24. Rf4 Rg8 25. e5 Kh8 26. Rf6 Rg7 27. Rxh6 Kg8 28. exd6
cxd6 29. Bxh7+ Rxh7 30. Rxh7 Kxh7 31. Qe4+ Kg8 32. Qxb7 Qc8 33. Qf3 d5 34. Re1
Qd8 35. Nb3 Rc8 36. Nc1 Qg5 37. Qd3 Rc6 38. Na2 Kg7 1/2-1/2

[Event "POLFINAL MISTRZOSTW POLSKI JUNIOROW 2018 - D13"]
[Site "Szczyrk"]
[Date "1899-12-30"]
[Round "7.2"]
[White "Lajdamik, Anna"]
[Black "Zalega, Joanna"]
[Result "1-0"]
[WhiteTitle "II"]
[BlackTitle "II"]
[WhiteElo "1227"]
[BlackElo "1129"]

1. d4 Nf6 2. Nf3 e6 3. Bg5 Be7 4. Nbd2 b6 5. e3 Bb7 6. Bd3 O-O 7. O-O c5 8. c3
d6 9. e4 Nbd7 10. Qe2 h6 11. Bh4 Re8 12. a4 Rc8 13. a5 Qc7 14. axb6 axb6 15. Ra7
Ra8 16. Rfa1 Qb8 17. Rxa8 Bxa8 18. Bb5 Qb7 19. e5 dxe5 20. dxe5 Nd5 21. Nc4 Rd8
22. Bxe7 Nxe7 23. Qd2 Qd5 24. Qc2 Nc8 25. Rd1 Qb7 26. Qa4 Qa7 27. Qxa7 Nxa7 28.
Rxd7 Rxd7 29. Bxd7 b5 30. Nd6 b4 31. c4 Bc6 32. Bxc6 Nxc6 33. Nb7 f6 34. exf6
gxf6 35. Nxc5 Kf7 36. Kf1 Ke7 37. Ke2 f5 38. Kd3 Kd6 39. Nb3 e5 40. Nh4 e4+ 41.
Ke3 Ke5 42. f3 f4+ 43. Ke2 Nd4+ 44. Nxd4 Kxd4 45. fxe4 Kxc4 46. e5 Kb3 47. e6
Kxb2 48. e7 Ka2 49. e8=Q b3 50. Qa4+ Kb2 51. Qxf4 Ka2 52. Qxh6 b2 53. Qb6 b1=Q
54. Qxb1+ Kxb1 1-0

[Event "POLFINAL MISTRZOSTW POLSKI JUNIOROW 2018 - D13"]
[Site "Szczyrk"]
[Date "1899-12-30"]
[Round "7.3"]
[White "Kot, Marta"]
[Black "Bienek, Magdalena"]
[Result "1/2-1/2"]
[WhiteTitle "II"]
[BlackTitle "II"]
[WhiteElo "1230"]
[BlackElo "1126"]

1. e4 c5 2. Nf3 e6 3. d4 cxd4 4. Nxd4 a6 5. Nc3 Qc7 6. Bd3 b5 7. a3 Bb7 8. Be3
Nc6 9. O-O Nf6 10. f4 d6 11. Qf3 Be7 12. f5 exf5 13. Qxf5 O-O 14. Nxc6 Bxc6 15.
Qf3 Bd7 16. h3 Kh8 17. Nd5 Nxd5 18. exd5 Bf6 19. c3 Rae8 20. Qf4 h6 21. Bd4 Bxd4+
22. Qxd4 Qc5 23. Qxc5 dxc5 24. Rae1 Rxe1 25. Rxe1 c4 26. Bc2 Re8 27. Rxe8+ Bxe8
28. Kf2 Kg8 29. b3 cxb3 30. Bxb3 Kf8 31. Ke3 Ke7 32. g4 f6 33. c4 bxc4 34. Bxc4
a5 35. Kd4 Kd6 36. Bb3 h5 37. a4 hxg4 38. hxg4 g5 39. Ke4 Bg6+ 1/2-1/2

[Event "POLFINAL MISTRZOSTW POLSKI JUNIOROW 2018 - D13"]
[Site "Szczyrk"]
[Date "1899-12-30"]
[Round "7.4"]
[White "Baran, Dagmara"]
[Black "Czerwinska, Oliwia"]
[Result "1/2-1/2"]
[WhiteTitle "I"]
[BlackTitle "I"]
[WhiteElo "1220"]
[BlackElo "1300"]

1. e4 e5 2. Nf3 Nc6 3. Bb5 Nf6 4. d3 d6 5. c3 Bd7 6. Nbd2 g6 7. O-O Bg7 8. Ba4
O-O 9. Bc2 Re8 10. Nb3 a6 11. h3 Qe7 12. Be3 Nd8 13. Qd2 Nh5 14. g4 Nf6 15. Bh6
Qf8 16. Bg5 Ne6 17. Bxf6 Bxf6 18. g5 Bg7 19. h4 Nf4 20. Kh2 f5 21. Nc1 Nh5 22.
Bb3+ Kh8 23. Qe3 f4 24. Qe2 Qe7 25. Rh1 Rf8 26. Kg1 Qd8 27. Kf1 Qc8 28. Ke1 Bh3
29. Rg1 Qd8 30. Kd2 Bc8 31. a3 Qd7 32. Na2 a5 33. a4 Qh3 34. Rh1 Qd7 35. c4 Qe7
36. Nc3 c6 37. Rag1 Bd7 38. Bc2 Be6 39. b3 Qc7 40. Qe1 Qb6 41. Ke2 Rf7 42. Qd2
Rb8 43. Na2 Qc7 44. Nc3 Rff8 45. Qc1 Rfc8 46. Qa3 b5 47. axb5 cxb5 48. Qa2 bxc4
49. bxc4 Bxc4 1/2-1/2

[Event "POLFINAL MISTRZOSTW POLSKI JUNIOROW 2018 - D13"]
[Site "Szczyrk"]
[Date "1899-12-30"]
[Round "7.5"]
[White "Uliasz, Katarzyna"]
[Black "Golinska, Patrycja"]
[Result "0-1"]
[WhiteTitle "I"]
[BlackTitle "I"]
[WhiteElo "1229"]
[BlackElo "1140"]

1. e4 e5 2. Nf3 Nc6 3. Bb5 Nf6 4. d3 d6 5. c3 Bg4 6. Nbd2 Be7 7. h3 Bh5 8. O-O
O-O 9. Re1 a6 10. Ba4 Re8 11. Nf1 h6 12. Ng3 Bg6 13. Bc2 Qd7 14. Nh2 d5 15. Qf3
Rad8 16. Nhf1 d4 17. Qe2 Bc5 18. Kh1 Qe6 19. f4 exf4 20. Bxf4 Qd7 21. Nd2 Nd5
22. Rf1 dxc3 23. bxc3 Nxc3 24. Qf3 Nd4 25. Qg4 Nxc2 26. Qxd7 Rxd7 27. Rac1 Ne3
28. Rxc3 Bd4 29. Bxe3 Bxc3 30. Nc4 Rxd3 31. Bf4 Bxe4 32. Nxe4 Rxe4 33. Na3 Bd2
34. Bxd2 Rxd2 35. Nb1 Rc2 36. Rd1 Ree2 37. Rd8+ Kh7 38. Rd1 Rxg2 39. a4 Rh2+ 40.
Kg1 Rxh3 41. a5 Ra2 42. Nd2 Rd3 0-1

[Event "POLFINAL MISTRZOSTW POLSKI JUNIOROW 2018 - D13"]
[Site "Szczyrk"]
[Date "1899-12-30"]
[Round "7.7"]
[White "Niemier, Martyna"]
[Black "Tim, Anna"]
[Result "1-0"]
[WhiteTitle "II"]
[BlackTitle "I"]
[WhiteElo "1231"]
[BlackElo "1188"]

1. d4 d5 2. c4 e6 3. Nc3 Nf6 4. Bg5 Be7 5. Nf3 Nbd7 6. e3 a6 7. Be2 dxc4 8. Bxc4
b5 9. Be2 Bb7 10. O-O O-O 11. Rc1 c5 12. Ne5 Rc8 13. Bf3 Bxf3 14. Qxf3 cxd4 15.
exd4 Nxe5 16. dxe5 Nd7 17. Bxe7 Qxe7 18. Qb7 Ra8 19. Rfd1 Rfd8 20. Ne4 Kf8 21.
f4 f6 22. Rc7 Rab8 23. Rdxd7 Rxb7 24. Rxe7 Rxc7 25. Rxc7 Rd1+ 26. Kf2 f5 27. Rc8+
Ke7 28. Rc7+ Kf8 29. Nd6 Rd2+ 30. Kg3 Rxb2 31. Rf7+ Kg8 32. Re7 h6 33. Re8+ Kh7
34. Rxe6 Rxa2 35. Nxf5 Ra3+ 36. Kg4 Ra2 37. g3 Rxh2 38. Rxa6 g6 39. Ra7+ Kh8 40.
Nd4 h5+ 41. Kf3 b4 42. Rb7 Rb2 43. e6 Ra2 44. Rxb4 Ra3+ 45. Nb3 Ra8 46. Rd4 Re8
47. Nc5 Kg8 48. Ke4 Kg7 49. Ke5 Kf8 50. Kf6 Re7 51. Rd8+ Re8 52. e7+ Kg8 53. Rxe8+
Kh7 54. Rh8+ 1-0

[Event "POLFINAL MISTRZOSTW POLSKI JUNIOROW 2018 - D13"]
[Site "Szczyrk"]
[Date "1899-12-30"]
[Round "7.8"]
[White "Pietrzak, Emilia"]
[Black "Trybus, Dominika"]
[Result "1-0"]
[WhiteTitle "II+"]
[BlackTitle "II"]
[WhiteElo "1189"]
[BlackElo "1118"]

1. e4 e6 2. d4 d5 3. e5 c5 4. c3 Nc6 5. Nf3 Nge7 6. Bd3 cxd4 7. cxd4 Nf5 8. Bb5
Qb6 9. Nc3 Bb4 10. Bxc6+ Qxc6 11. Bd2 Bd7 12. O-O O-O 13. Rc1 Qa6 14. a3 Ba5 15.
Ne2 Bb6 16. Bb4 Rfc8 17. Nf4 Rxc1 18. Qxc1 Nxd4 19. Nxd4 Bxd4 20. Re1 Rc8 21.
Qd2 Bb6 22. Nh5 Ba4 23. Qg5 g6 24. Nf6+ Kg7 25. Nh5+ Kg8 26. Be7 Qa5 27. Nf6+
Kg7 28. Nh5+ Kg8 29. Rf1 Rc2 30. Qf6 Bxf2+ 31. Kh1 gxh5 32. Qg5+ Kh8 33. Bf6#
1-0

[Event "POLFINAL MISTRZOSTW POLSKI JUNIOROW 2018 - D13"]
[Site "Szczyrk"]
[Date "1899-12-30"]
[Round "7.9"]
[White "Sidlo, Malgorzata"]
[Black "Reszka, Zofia"]
[Result "0-1"]
[WhiteTitle "II"]
[BlackTitle "I"]
[WhiteElo "1108"]
[BlackElo "1256"]

1. e4 c5 2. d4 cxd4 3. c3 dxc3 4. Nxc3 Nc6 5. Nf3 e6 6. Bc4 a6 7. O-O Nge7 8. e5
Ng6 9. Re1 Qc7 10. Bb3 Ncxe5 11. Nxe5 Nxe5 12. Bf4 d6 13. Rc1 Qd7 14. Na4 Qb5
15. Bxe5 dxe5 16. Qe2 Qxe2 17. Rxe2 Bd7 18. Nb6 Rd8 19. Rd1 Bb5 20. Rxd8+ Kxd8
21. Rxe5 Bd6 22. Re1 Bc5 23. Rd1+ Kc7 24. Na4 b6 25. Rc1 Kd6 26. Rd1+ Ke7 27.
Rc1 Rc8 28. Kh1 Rc6 29. f3 Bxa4 30. Bxa4 Rd6 31. Rd1 b5 32. Rxd6 Kxd6 33. Bc2
h6 34. g4 Ke5 35. Kg2 Kd4 36. Kf2 a5 37. Ke2 b4 38. Kd2 Bd6 39. h4 Bf4+ 40. Ke2
Bc1 41. Bb3 Bxb2 42. Kd2 Bc3+ 43. Ke2 Ke5 44. h5 g6 45. Bc2 gxh5 46. gxh5 Kf4
47. Bh7 Kg5 48. Bg8 Kf6 49. Kd3 Kg7 50. Kc4 Kxg8 51. Kb5 Kg7 52. Kxa5 b3+ 0-1

[Event "POLFINAL MISTRZOSTW POLSKI JUNIOROW 2018 - D13"]
[Site "Szczyrk"]
[Date "1899-12-30"]
[Round "7.10"]
[White "Labedz, Gabriela"]
[Black "Szczykutowicz, Hanna"]
[Result "1-0"]
[WhiteTitle "II"]
[BlackTitle "II"]
[WhiteElo "1062"]
[BlackElo "1133"]

1. e4 c5 2. Nf3 g6 3. d4 cxd4 4. Nxd4 Nc6 5. Nc3 Nf6 6. Be3 Bg7 7. Bc4 Ne5 8. Bb3
Neg4 9. Qd2 b6 10. f3 Nxe3 11. Qxe3 d6 12. Nd5 Nxd5 13. Bxd5 Rb8 14. Nc6 Qc7 15.
Nxb8 Bxb2 16. Rb1 Qxc2 17. O-O e5 18. Qb3 Qxb3 19. axb3 Bd4+ 20. Kh1 O-O 21. Nc6
Ba6 22. Rfd1 Kg7 23. Nxd4 exd4 24. Rxd4 Rc8 25. Ra4 Bd3 26. Rd1 Be2 27. Re1 Rc7
28. Bc4 b5 29. Raa1 Bxc4 30. bxc4 bxc4 31. Rec1 f5 32. Kg1 fxe4 33. fxe4 c3 34.
Ra3 Rc4 35. Rcxc3 Rxe4 36. Rxa7+ Kh6 37. Rh3+ Kg5 38. Ra5+ Kf6 39. Rxh7 Ke6 40.
Rh8 Kd7 41. Rg8 Re6 42. Rg5 Re1+ 43. Kf2 Ra1 44. R8xg6 Kc6 45. h4 Ra2+ 46. Kg3
Ra3+ 47. Kh2 Ra7 48. h5 Rh7 49. h6 Kb6 50. Rh5 Kc7 51. Rg7+ Rxg7 52. hxg7 Kd7
53. g8=Q 1-0

[Event "POLFINAL MISTRZOSTW POLSKI JUNIOROW 2018 - D13"]
[Site "Szczyrk"]
[Date "1899-12-30"]
[Round "7.11"]
[White "Samol, Julia"]
[Black "Bialek, Alicja"]
[Result "0-1"]
[WhiteTitle "III"]
[BlackTitle "I"]
[WhiteElo "1025"]
[BlackElo "1331"]

1. e4 c5 2. Nc3 e6 3. Nf3 d5 4. exd5 exd5 5. d4 c4 6. b3 Bb4 7. Bd2 Qa5 8. Na4
b5 9. Nc5 Nc6 10. a3 Bxd2+ 11. Qxd2 Qxd2+ 12. Kxd2 Bg4 13. Re1+ Nge7 14. Kc3 Bxf3
15. gxf3 O-O 16. Bh3 a5 17. bxc4 dxc4 18. Ra1 Nd5+ 19. Kd2 Nxd4 20. Bg4 f5 21.
Bh3 Nxf3+ 22. Ke2 Nd4+ 23. Kd2 c3+ 24. Kd1 Nf4 25. Bf1 Rfd8 26. Nd3 Nxd3 27. Bxd3
b4 28. axb4 axb4 29. Rb1 Ra4 30. Kc1 Rda8 31. Re1 Nf3 32. Bb5 Nxe1 33. Bc6 R8a7
34. Bxa4 Rxa4 35. Kd1 Nf3 36. h3 Ng1 37. h4 Nf3 38. h5 Nd2 39. Rc1 Ra2 40. Ke2
b3 41. Kd3 b2 42. Re1 b1=Q 43. Rxb1 Nxb1 44. f3 Kf7 45. f4 g6 46. hxg6+ Kxg6 47.
Ke2 Rxc2+ 48. Kd1 Na3 0-1

[Event "POLFINAL MISTRZOSTW POLSKI JUNIOROW 2018 - D13"]
[Site "Szczyrk"]
[Date "1899-12-30"]
[Round "8.1"]
[White "Golinska, Patrycja"]
[Black "Lajdamik, Anna"]
[Result "0-1"]
[WhiteTitle "I"]
[BlackTitle "II"]
[WhiteElo "1140"]
[BlackElo "1227"]

1. e4 c6 2. d4 d5 3. exd5 cxd5 4. Nf3 Nc6 5. Nc3 Nf6 6. Be2 Bg4 7. Be3 Qb6 8. Rb1
e6 9. O-O Bb4 10. a3 Bxc3 11. bxc3 Qc7 12. h3 Bf5 13. Bd3 Bg6 14. Re1 O-O 15.
Qe2 Rac8 16. Bd2 Nd7 17. Bxg6 hxg6 18. Qe3 Na5 19. Qg5 Nc4 20. Bc1 b6 21. Qh4
Rfe8 22. Ng5 Nf8 23. Rd1 Qe7 24. Rd3 Nd6 25. Rf3 Nf5 26. Qf4 f6 27. h4 fxg5 28.
hxg5 e5 29. Qg4 exd4 30. Bd2 dxc3 31. Bxc3 Rc4 32. Rf4 Rxc3 33. Qd1 d4 34. Qd2
Qc5 35. Rc1 d3 36. Rf3 Re2 0-1

[Event "POLFINAL MISTRZOSTW POLSKI JUNIOROW 2018 - D13"]
[Site "Szczyrk"]
[Date "1899-12-30"]
[Round "8.2"]
[White "Bienek, Magdalena"]
[Black "Krzyzosiak, Anna"]
[Result "0-1"]
[WhiteTitle "II"]
[BlackTitle "I++"]
[WhiteElo "1126"]
[BlackElo "1515"]

1. c4 Nf6 2. Nc3 g6 3. g3 Bg7 4. Bg2 O-O 5. e3 d6 6. Nge2 Nbd7 7. d4 e5 8. O-O
Ne8 9. b3 f5 10. Bb2 g5 11. f4 exf4 12. exf4 g4 13. Qd2 h5 14. Rfe1 h4 15. d5
h3 16. Bh1 c5 17. dxc6 bxc6 18. Bxc6 Qb6+ 19. Kf1 Qxc6 20. Nd5 Qa6 21. Nd4 Ndf6
22. Ne7+ Kh7 23. Nexf5 Bxf5 24. Nxf5 Qc6 25. Re2 Qh1+ 26. Kf2 Qg2+ 27. Ke3 Qf3+
28. Kd4 Ne4+ 29. Nxg7 Nxd2 30. Bc1 0-1

[Event "POLFINAL MISTRZOSTW POLSKI JUNIOROW 2018 - D13"]
[Site "Szczyrk"]
[Date "1899-12-30"]
[Round "8.3"]
[White "Matusik, Zuzanna"]
[Black "Kot, Marta"]
[Result "1/2-1/2"]
[WhiteTitle "I"]
[BlackTitle "II"]
[WhiteElo "1074"]
[BlackElo "1230"]

1. e4 e5 2. Nf3 Nc6 3. Nc3 Bb4 4. d4 exd4 5. Nxd4 Bxc3+ 6. bxc3 Nf6 7. Bd3 h6 8.
O-O O-O 9. Qf3 d6 10. h3 Ne5 11. Qe2 Nxd3 12. cxd3 c5 13. Nc2 Nh7 14. Qf3 Qf6
15. Qxf6 Nxf6 16. Bf4 Rd8 17. Ne3 Be6 18. Rab1 b6 19. c4 Ne8 20. g4 g5 21. Bg3
Rdb8 22. a3 a6 23. f4 f6 24. f5 Bf7 25. Rb2 b5 26. Rfb1 Kf8 27. Nc2 Ke7 28. cxb5
axb5 29. Rxb5 Rxb5 30. Rxb5 Ra4 31. Rb7+ Kf8 32. Kf2 Ba2 33. Ke3 Bf7 34. Kd2 Bg8
35. Kc3 Bf7 36. Rd7 Ra6 37. Rb7 Bg8 38. Kb2 Bf7 39. Ne3 Bg8 40. Nd1 Bf7 41. Nc3
Bg8 42. a4 Bf7 43. Ka3 Kg8 44. Nb5 c4 45. dxc4 Bxc4 46. Kb4 Bf1 47. h4 Bh3 48.
hxg5 hxg5 49. Rb8 Kf7 50. Rxe8 Kxe8 51. Nc7+ Kd7 52. Nxa6 Kc6 53. a5 Kb7 54. Kb5
Bf1+ 55. Kb4 Bxa6 56. Bxd6 Be2 57. Be7 Bxg4 58. Bxf6 Bf3 59. Bxg5 Bxe4 60. f6
Bd5 61. Kb5 Ba2 62. a6+ Ka7 63. Be3+ Ka8 1/2-1/2

[Event "POLFINAL MISTRZOSTW POLSKI JUNIOROW 2018 - D13"]
[Site "Szczyrk"]
[Date "1899-12-30"]
[Round "8.4"]
[White "Cieslak, Jessica"]
[Black "Niemier, Martyna"]
[Result "1-0"]
[WhiteTitle "I"]
[BlackTitle "II"]
[WhiteElo "1318"]
[BlackElo "1231"]

1. d4 d5 2. c4 e6 3. Nc3 Nf6 4. Bf4 Be7 5. e3 O-O 6. Nf3 c5 7. dxc5 Bxc5 8. Be2
Nc6 9. O-O a6 10. cxd5 Nxd5 11. Nxd5 exd5 12. Rc1 Bb6 13. Ne5 Nxe5 14. Bxe5 Bf5
15. Bd4 Bxd4 16. Qxd4 Qd6 17. Rfd1 Rad8 18. Bf3 Qg6 19. Qb4 Be4 20. Bxe4 dxe4
21. Rxd8 Rxd8 22. Qxb7 Qd6 23. h3 f5 24. Rc6 Qd1+ 25. Kh2 Qd5 26. Qb3 Qxb3 27.
axb3 Rb8 28. Rxa6 Rxb3 29. Ra2 Kf7 30. Kg1 h6 31. Kf1 Ke6 32. Ke2 Kd5 33. Kd2
Kc4 34. Kc2 Rb5 35. Ra7 g5 36. Ra6 h5 37. Rh6 h4 38. Rg6 f4 39. exf4 gxf4 40.
Rg4 Rf5 41. Rxh4 Kb4 42. b3 Rc5+ 43. Kb2 Rd5 44. Rxf4 Rd2+ 45. Kc1 Rd4 46. Kc2
Kc5 47. h4 Rd6 48. Rxe4 Rf6 49. f3 Rg6 50. g4 Rf6 51. f4 Rc6 52. Rc4+ Kd5 53.
Rxc6 Kxc6 54. h5 Kd6 55. h6 Ke7 56. h7 Kf7 57. h8=Q Kg6 58. Qh5+ Kg7 59. g5 Kf8
60. Qh7 Ke8 61. g6 Kd8 62. Qf7 Kc8 63. g7 1-0

[Event "POLFINAL MISTRZOSTW POLSKI JUNIOROW 2018 - D13"]
[Site "Szczyrk"]
[Date "1899-12-30"]
[Round "8.5"]
[White "Czerwinska, Oliwia"]
[Black "Pietrzak, Emilia"]
[Result "1-0"]
[WhiteTitle "I"]
[BlackTitle "II+"]
[WhiteElo "1300"]
[BlackElo "1189"]

1. e4 c5 2. c3 Nf6 3. e5 Nd5 4. d4 cxd4 5. cxd4 Nc6 6. Nf3 e6 7. Bc4 Nb6 8. Bd3
Be7 9. O-O O-O 10. a3 d6 11. Qe2 Bd7 12. Qe4 g6 13. Bh6 Re8 14. Qg4 dxe5 15. dxe5
Qc7 16. Re1 Nd5 17. Nbd2 Rac8 18. h4 Kh8 19. h5 Rg8 20. hxg6 fxg6 21. Ng5 Bxg5
22. Qxg5 Qd8 23. Qg3 Nd4 24. Nc4 Rxc4 25. Bxc4 Nc2 26. Bxd5 Nxa1 27. Bg5 Qa5 28.
Bf6+ Rg7 29. Rxa1 Qxd5 30. Qg4 Kg8 31. Bxg7 Kxg7 32. Rd1 Qc6 33. Qd4 Be8 34. Qxa7
Qc2 35. Qd4 Bc6 36. f3 Qf5 37. Kf2 Qc2+ 38. Qd2 Qc5+ 39. Qd4 Qc2+ 40. Rd2 Qc1
41. Qc3 Qh1 42. Rd6 Qh4+ 43. Kg1 Qe7 44. Rxc6 bxc6 45. Qxc6 Qf7 46. Qc3 Qf5 47.
a4 Qb1+ 48. Kf2 Qa2 49. a5 Qa4 50. g3 Qa2 51. Ke3 Qa1 52. f4 Qg1+ 53. Kd2 Qf2+
54. Kc1 Qf1+ 55. Kc2 Qe2+ 56. Kb3 Qb5+ 57. Ka3 Qf1 58. Kb4 Qa6 59. Ka4 Qb7 60.
b4 Qd5 61. Qc5 Qd7+ 62. Kb3 Qd3+ 63. Qc3 Qd5+ 64. Ka4 Qa2+ 65. Kb5 Qd5+ 66. Kb6
Qd1 67. a6 Kh6 68. b5 Qd8+ 69. Qc7 Qd4+ 70. Kb7 Qd5+ 71. Qc6 Qd8 72. a7 Qe7+ 73.
Qc7 Qb4 74. a8=Q Qxb5+ 75. Kc8 Qb1 76. Qab7 1-0

[Event "POLFINAL MISTRZOSTW POLSKI JUNIOROW 2018 - D13"]
[Site "Szczyrk"]
[Date "1899-12-30"]
[Round "8.6"]
[White "Zalega, Joanna"]
[Black "Baran, Dagmara"]
[Result "0-1"]
[WhiteTitle "II"]
[BlackTitle "I"]
[WhiteElo "1129"]
[BlackElo "1220"]

1. d4 Nf6 2. c4 e6 3. Nc3 Bb4 4. Qc2 b6 5. Nf3 Bb7 6. a3 Bxc3+ 7. Qxc3 d6 8. e3
Nbd7 9. Be2 O-O 10. O-O c5 11. Nd2 Ne4 12. Nxe4 Bxe4 13. Bd3 Bb7 14. Qc2 Nf6 15.
b3 h6 16. h3 Qe7 17. Bb2 Rfd8 18. Rfe1 cxd4 19. Bxd4 e5 20. Bb2 Rac8 21. Qe2 Ne4
22. Bxe4 Bxe4 23. f3 Bb7 24. Red1 Qe6 25. Rd3 Ba6 26. Rd5 Qxd5 27. Rd1 Qe6 28.
Qd2 Bb7 29. e4 f5 30. exf5 Qxf5 31. Qf2 d5 32. cxd5 Rxd5 33. Re1 Rc2 34. Re2 Rxe2
35. Qxe2 Qf4 36. Bc3 Qc1+ 37. Qe1 Rd1 38. Qxd1 Qxd1+ 0-1